<?xml version="1.0" encoding="UTF-8"?>
<record
    xmlns:xsi="http://www.w3.org/2001/XMLSchema-instance"
    xsi:schemaLocation="http://www.loc.gov/MARC21/slim http://www.loc.gov/standards/marcxml/schema/MARC21slim.xsd"
    xmlns="http://www.loc.gov/MARC21/slim">

  <leader>01338nam a2200241Ia 4500</leader>
  <datafield tag="952" ind1=" " ind2=" ">
    <subfield code="0">0</subfield>
    <subfield code="1">0</subfield>
    <subfield code="2">ddc</subfield>
    <subfield code="4">0</subfield>
    <subfield code="7">0</subfield>
    <subfield code="a">22</subfield>
    <subfield code="b">22</subfield>
    <subfield code="d">2010-11-23</subfield>
    <subfield code="l">5</subfield>
    <subfield code="o">QA276.12 J66 2008</subfield>
    <subfield code="p">17 001045</subfield>
    <subfield code="r">2023-08-01</subfield>
    <subfield code="s">2014-10-14</subfield>
    <subfield code="t">1</subfield>
    <subfield code="w">2012-06-26</subfield>
    <subfield code="y">LB</subfield>
    <subfield code="f"></subfield>
  </datafield>
  <datafield tag="952" ind1=" " ind2=" ">
    <subfield code="0">0</subfield>
    <subfield code="1">0</subfield>
    <subfield code="2">ddc</subfield>
    <subfield code="4">0</subfield>
    <subfield code="7">0</subfield>
    <subfield code="a">22</subfield>
    <subfield code="b">22</subfield>
    <subfield code="d">2010-11-23</subfield>
    <subfield code="l">6</subfield>
    <subfield code="o">QA276.12 J66 2008</subfield>
    <subfield code="p">17 001048</subfield>
    <subfield code="r">2023-08-01</subfield>
    <subfield code="s">2022-09-20</subfield>
    <subfield code="t">2</subfield>
    <subfield code="w">2012-06-26</subfield>
    <subfield code="y">LB</subfield>
    <subfield code="f"></subfield>
  </datafield>
  <datafield tag="952" ind1=" " ind2=" ">
    <subfield code="0">0</subfield>
    <subfield code="1">0</subfield>
    <subfield code="4">0</subfield>
    <subfield code="7">0</subfield>
    <subfield code="a">13</subfield>
    <subfield code="b">13</subfield>
    <subfield code="d">2012-05-09</subfield>
    <subfield code="l">2</subfield>
    <subfield code="m">2</subfield>
    <subfield code="o">QA276.12 J65 2008</subfield>
    <subfield code="p">13 002234</subfield>
    <subfield code="r">2017-08-08</subfield>
    <subfield code="s">2017-06-26</subfield>
    <subfield code="t">1</subfield>
    <subfield code="w">2013-10-25</subfield>
    <subfield code="y">LB</subfield>
  </datafield>
  <datafield tag="952" ind1=" " ind2=" ">
    <subfield code="0">0</subfield>
    <subfield code="1">0</subfield>
    <subfield code="4">0</subfield>
    <subfield code="7">0</subfield>
    <subfield code="a">03</subfield>
    <subfield code="b">03</subfield>
    <subfield code="d">2015-07-04</subfield>
    <subfield code="l">0</subfield>
    <subfield code="o">QA276.12 J65 2008</subfield>
    <subfield code="p">03 003991</subfield>
    <subfield code="r">2015-07-04</subfield>
    <subfield code="t">1</subfield>
    <subfield code="w">2015-07-04</subfield>
    <subfield code="y">LB</subfield>
  </datafield>
  <datafield tag="999" ind1=" " ind2=" ">
    <subfield code="c">73646</subfield>
    <subfield code="d">73646</subfield>
  </datafield>
  <controlfield tag="008">120626s2008    mx d          000 0 spa d</controlfield>
  <datafield tag="020" ind1=" " ind2=" ">
    <subfield code="a">13: 9789706868350</subfield>
  </datafield>
  <datafield tag="020" ind1=" " ind2=" ">
    <subfield code="a">10: 9706868350</subfield>
  </datafield>
  <datafield tag="050" ind1=" " ind2=" ">
    <subfield code="a">QA276.12 </subfield>
    <subfield code="b">J65 2008</subfield>
  </datafield>
  <datafield tag="100" ind1=" " ind2=" ">
    <subfield code="a">Johnson, Robert </subfield>
    <subfield code="d">, 1939</subfield>
    <subfield code="e">autor</subfield>
  </datafield>
  <datafield tag="240" ind1=" " ind2=" ">
    <subfield code="a">Just the essentials of elementary statistics</subfield>
    <subfield code="l">espa&#xF1;ol</subfield>
  </datafield>
  <datafield tag="245" ind1=" " ind2=" ">
    <subfield code="a">Estad&#xED;stica elemental</subfield>
    <subfield code="b"> : lo esencial </subfield>
    <subfield code="c"> / Robert Johnson,  Patricia Kuby ; traducci&#xF3;n Jorge Humberto Romo Mu&#xF1;oz</subfield>
  </datafield>
  <datafield tag="250" ind1=" " ind2=" ">
    <subfield code="a">10a. edici&#xF3;n </subfield>
  </datafield>
  <datafield tag="260" ind1=" " ind2=" ">
    <subfield code="a">M&#xE9;xico </subfield>
    <subfield code="b"> : Cengage </subfield>
    <subfield code="c">, 2008</subfield>
  </datafield>
  <datafield tag="300" ind1=" " ind2=" ">
    <subfield code="a">xxviii, 725 p&#xE1;ginas</subfield>
    <subfield code="b"> : gr&#xE1;ficas, tablas</subfield>
  </datafield>
  <datafield tag="500" ind1=" " ind2=" ">
    <subfield code="a">Incluye: ap&#xE9;ndices (pp. 656-679)
Incluye: &#xED;ndice (pp. 721-725)</subfield>
  </datafield>
  <datafield tag="505" ind1=" " ind2=" ">
    <subfield code="a">Estad&#xED;stica
An&#xE1;lisis descriptivo y presentaci&#xF3;n de datos de una sola variable (univariados)
An&#xE1;lisis descriptivo y presentaci&#xF3;n de datos bivariados
Probabilidad
Distribuciones de probabilidad (variables discretas)
Distribuciones de probabilidad norma
Variabilidad de la muestra
Introducci&#xF3;n a la inferencia estad&#xED;stica
Inferencias que involucran a una poblaci&#xF3;n
Inferencias que involucran a dos poblaciones
Aplicaci&#xF3;n de Ji cuadrada</subfield>
  </datafield>
  <datafield tag="519" ind1=" " ind2=" ">
    <subfield code="a">Material Complementario /</subfield>
    <subfield code="d">(03 003391) </subfield>
  </datafield>
  <datafield tag="650" ind1=" " ind2=" ">
    <subfield code="a">ESTAD&#xCD;STICA</subfield>
  </datafield>
  <datafield tag="700" ind1=" " ind2=" ">
    <subfield code="a">Kuby, Patricia</subfield>
    <subfield code="e">autor</subfield>
  </datafield>
  <datafield tag="700" ind1=" " ind2=" ">
    <subfield code="a">Romo Mu&#xF1;oz, Jorge Humberto </subfield>
    <subfield code="e">traductor</subfield>
  </datafield>
  <datafield tag="942" ind1=" " ind2=" ">
    <subfield code="2">lcc</subfield>
    <subfield code="c">LB</subfield>
  </datafield>
</record>
